000
00288nam a2200109Ia 4500
008
220214s9999 xx 000 0 und d
245
0
_a
Kurukshetra
260
_b
Kurukshetra
_a
New Delhi
500
_a
Ending Volume & Year: 24, 1976
500
_a
Starting Volume & Year: 23, 1974
942
_c
BJ
999
_c
4736
_d
4736